000 00563nam a2200217 a 4500
999 _c810
_d810
008 191031s1992 ii a|||g |||| 001 0 eng d
020 _a9780140446036
_cRs. 599.00
040 _aKO
_beng
041 0 _aeng
044 _aii
082 0 4 _223
_a320.954
_bK167
245 1 0 _aThe Arthashastra /
_cEdited by L. N. Rangarajan
260 _aNew Delhi :
_bPenguin Books,
_c1992
300 _aix, 819 p. :
_bill. ;
_c23 cm.
504 _aIncludes index.
650 0 _aHistory
_zIndia
700 1 _aRangarajan, L. N.
_eedt
904 _aS_JOY
942 _cBK